¿Quién es el loco? / (Record no. 157841)

MARC details
000 -LEADER
campo de control de longitud fija 01177nam a22002295i 4500
001 - NÚMERO DE CONTROL
campo de control 157841
003 - IDENTIFICADOR DE NÚMERO DE CONTROL
campo de control ES-MaACL
005 - FECHA Y HORA DE LA ÚLTIMA TRANSACCIÓN
campo de control 20250718063330.0
008 - DATOS DE LONGITUD FIJA--INFORMACIÓN GENERAL
campo de control de longitud fija 020401s1867 sp |||| | spa d
040 ## - FUENTE DE CATALOGACIÓN
Centro catalogador/agencia de origen CAM
Lengua de catalogación spa
Centro/agencia transcriptor CAM
100 1# - ENTRADA PRINCIPAL--NOMBRE DE PERSONA
Nombre de persona Llanos y Alcaraz, Adolfo,
Fechas asociadas al nombre 1841-post. 1904
9 (RLIN) 128996
245 11 - MENCIÓN DEL TÍTULO
Título ¿Quién es el loco? /
Mención de responsabilidad, etc. cuento escrito por Edgardo Poe ; encajado en la escena de los bufos por Adolfo Llanos y Alcaraz ; y adornado con música por José Rogel.
260 ## - PUBLICACIÓN, DISTRIBUCIÓN, ETC.
Lugar de publicación, distribución, etc. Madrid :
Nombre del editor, distribuidor, etc. [s.n.],
Fecha de publicación, distribución, etc. 1867 (
Fabricante Imprenta de José Rodriguez)
300 ## - DESCRIPCIÓN FÍSICA
Extensión 27 p. ;
Dimensiones 20 cm.
500 #1 - NOTA GENERAL
Nota general En la port.: Representado por primera vez en Madrid, en el teatro de los Bufos Madrileños (Variedades), el día 8 de abril de 1867.
500 ## - NOTA GENERAL
Nota general Solo el texto.
596 #1 - NOTA AL PIE DE IMPRENTA
NOTA AL PIE DE IMPRENTA En verso de la port. consta: "... Galerías Dramáticas y Líricas de los Gullon é Hidalgo ..."
700 1# - ENTRADA AGREGADA--NOMBRE PERSONAL
Nombre de persona Rogel, José.
9 (RLIN) 131984
700 1# - ENTRADA AGREGADA--NOMBRE PERSONAL
Nombre de persona Poe, Edgar Allan,
Fechas asociadas al nombre 1809-1849
9 (RLIN) 188384
852 ## - LOCALIZACIÓN
Ubicación ES-MaACL
Número de control de estantería F-8555(7)
Nota libre -- Enc. pasta española
condición física -- Falto de la cub. original
Nota libre -- Enc. en un vol. facticio formando parte de la col. facticia "Teatro español moderno", v.7
Holdings
Estatus retirado Estado de pérdida Estado de daño No para préstamo Colección Biblioteca de origen Biblioteca actual Ubicación en estantería Fecha de adquisición Total de préstamos Signatura topográfica completa Código de barras Visto por última vez Precio de reemplazo Tipo de ítem Koha
        Libros del s. XIX Biblioteca del Ateneo de Madrid Biblioteca del Ateneo de Madrid Sala Pecera Planta 2 17/01/2008   F-8555(7) 1165186 23/02/2023 23/02/2023 Libro impreso antiguo